Politics / (Record no. 86)

MARC details
000 -LEADER
fixed length control field 00550cam a2200193 4500
001 - CONTROL NUMBER
control field 101
005 - DATE AND TIME OF LATEST TRANSACTION
control field 20181127160359.0
008 - FIXED-LENGTH DATA ELEMENTS--GENERAL INFORMATION
fixed length control field 011206s2002 nyua b 001 0 eng
010 ## - LIBRARY OF CONGRESS CONTROL NUMBER
LC control number 2001058327
020 ## - INTERNATIONAL STANDARD BOOK NUMBER
International Standard Book Number 0333971310 (paper)
International Standard Book Number 0333986296 (cloth)
100 1# - MAIN ENTRY--PERSONAL NAME
Personal name Heywood, Andrew.
245 10 - TITLE STATEMENT
Title Politics /
Statement of responsibility, etc. Andrew Heywood.
250 ## - EDITION STATEMENT
Edition statement 3rd ed.
260 ## - PUBLICATION, DISTRIBUTION, ETC.
Place of publication, distribution, etc. New York :
Name of publisher, distributor, etc. Palgrave,
Date of publication, distribution, etc. 2009.
300 ## - PHYSICAL DESCRIPTION
Extent xvii, 478 p. :
Other physical details ill. ;
Dimensions 26 cm.
504 ## - BIBLIOGRAPHY, ETC. NOTE
Bibliography, etc. note Includes bibliographical references (p. [461]-470) and index.
650 #0 - SUBJECT ADDED ENTRY--TOPICAL TERM
Topical term or geographic name entry element Political science.
Holdings
Withdrawn status Lost status Source of classification or shelving scheme Damaged status Not for loan Collection code Home library Current library Shelving location Date acquired Serial Enumeration / chronology Inventory number Total Checkouts Full call number Barcode Date last seen Date last checked out Copy number Price effective from Koha item type Cost, normal purchase price Total Renewals
    Dewey Decimal Classification     Main TEST RTC Library RTC Library Main opac 12/10/2021 2554 4 320 HEY 30003009 25/09/2025 25/08/2025 2 27/11/2018 Main    
    Dewey Decimal Classification     Reserve RTC Library RTC Library Reserve 07/03/2022 2402 3 320 HEY 30003040 20/12/2021 04/06/2019 1 27/11/2018 Student Reserve 550.12 2
    Dewey Decimal Classification     Main TEST RTC Library RTC Library Main opac 01/03/2021 2403 8 320 HEY 30003994 09/10/2025 09/09/2025 3 27/11/2018 Main 550.12 1
Royal Thimphu College || All Right Reserved